000 00615nas a2200217 4500
001 BR9200001
003 BR-BrBNA
005 20231205092210.0
007 ta
008 230509b bl.|||p| |||| 00| 00por d
040 _aBR-BrBNA
_bpor
_cBiblioteca Nacional de Agricultura
041 _a(Pt)
072 _aN20
100 1 _aAnon.
245 1 _aFogoes; modelos quentissimos [fogao a lenha]
650 _aFOGAO
650 _aEQUIPAMENTO DOMESTICO
773 0 _tGlobo Rural (Brazil)
_xISSN 0102-6178
_g(Feb 1990), v. 5(52) p. 27-31
_wBR9200001
909 _a202311
_bLúcia
_c55
_dLúcia Elande
942 _2AGRIS
_n0
_cANA
999 _c130029
_d130029